000 00463nam a2200181 4500
008 b xx# fre u
020 _a9782210891140
040 _aLB-BrCRDP
082 _a375.006/GAL
100 1 _aGallo,Béatrice
130 0 _lFR
245 1 0 _aCahier d'évaluation CE2-Cycle3
_cBéatrice Gallo
260 _aParis
_bMagnard
_c2003
300 _a95p.;
_c26cm
650 _aEvaluation
942 _cBK
999 _c16486
_d16486